MARC

LEADER 00000nam0a2200000 4500
001 332492
005 20231102004448.0
035 |a (RuTPU)RU\TPU\book\358425 
090 |a 332492 
100 |a 20170524d1961 k y0rusy50 ca 
101 0 |a rus 
102 |a UA 
105 |a a z 001zy 
200 1 |a Графитизация стали  |f К. П. Бунин, А. А. Баранов, Э. Н. Погребной  |g Академия наук Украинской ССР, Институт черной металлургии 
210 |a Киев  |c Изд-во АН УССР  |d 1961 
215 |a 85 с.  |c ил. 
320 |a Библиогр.: с. 82-85 
606 1 |a Сталь  |x Графитизация  |2 stltpush  |3 (RuTPU)RU\TPU\subj\56251  |9 74164 
610 1 |a литая сталь 
610 1 |a деформированная сталь 
610 1 |a закаленная сталь 
675 |a 669.11  |v 4 
700 1 |a Бунин  |b К. П.  |g Константин Петрович 
701 1 |a Баранов  |b А. А.  |g Александр Александрович 
701 1 |a Погребной  |b Э. Н.  |g Эмиль Никифорович 
712 0 2 |a Академия наук Украинской ССР  |b Институт черной металлургии  |2 stltpush  |3 (RuTPU)RU\TPU\col\27627 
801 1 |a RU  |b 63413507  |c 20170524 
801 2 |a RU  |b 63413507  |c 20221125  |g RCR 
942 |c BK